000 00728nam a2200229 a 4500
001 000027165
003 DO-SdBNP
005 20240927073748.0
008 110330s1971 dr 000 0bspa d
040 _aDO-SdBNP
_bspa
_cBNPHU
082 _a923.17293
_bB171C, 1971
100 1 _aCordero, Armando
_936629
245 1 0 _aJoaquín Balaguer :
_bpensador y estadista /
_cArmando Cordero.
250 _a3a. ed.
260 _aSanto Domingo :
_bHorizontes de América,
_c1971.
300 _a238 p. ;
_c20 cm.
500 _aIncluye bibliografía al final de los capitulos
590 _aInventariado, 2019/MFF
600 1 0 _a Balaguer, Joaquín,
_d1906-2002
_976556
910 _aValidado. Control de calidad MFF
942 _2ddc
_cLBS1
999 _c26657
_d26657